00354nam a2200121Ia 4500008004100000082002000041100001500061245001700076260003000093300000900123630001800132650008200150211122s9999||||xx |||||||||||||| ||und|| a894.8123bVAL-A aValsala, P 0aAranyakandam bD c BooksaKottayamc2003 a108p xGeneral Stack aMalayalam LiteraturevMalayalam FictionMalayalam NovelsShort StoriesMalayalam